<?xml version="1.0" encoding="UTF-8"?>
<record
    xmlns:xsi="http://www.w3.org/2001/XMLSchema-instance"
    xsi:schemaLocation="http://www.loc.gov/MARC21/slim http://www.loc.gov/standards/marcxml/schema/MARC21slim.xsd"
    xmlns="http://www.loc.gov/MARC21/slim">

  <leader>01770nam a22002777a 4500</leader>
  <controlfield tag="001">8656</controlfield>
  <controlfield tag="003">FISKH</controlfield>
  <controlfield tag="005">20251128084123.0</controlfield>
  <controlfield tag="008">251008b        cb ||||| |||| 00| 0 eng d</controlfield>
  <datafield tag="040" ind1=" " ind2=" ">
    <subfield code="a">FISKH</subfield>
    <subfield code="b">khr</subfield>
    <subfield code="c">FISKH</subfield>
    <subfield code="d">FISKH</subfield>
  </datafield>
  <datafield tag="050" ind1=" " ind2=" ">
    <subfield code="a">PZ7</subfield>
  </datafield>
  <datafield tag="082" ind1=" " ind2=" ">
    <subfield code="a">895.92</subfield>
  </datafield>
  <datafield tag="100" ind1=" " ind2=" ">
    <subfield code="a">Reaksmey, Am</subfield>
  </datafield>
  <datafield tag="245" ind1=" " ind2=" ">
    <subfield code="a">&#x1794;&#x17D2;&#x179A;&#x178A;&#x17B6;&#x1794;&#x17CB;&#x1794;&#x17D2;&#x179A;&#x178A;&#x17B6;&#x179A;&#x17C0;&#x1793;&#x179A;&#x1794;&#x179F;&#x17CB;&#x179A;&#x17B8;&#x178E;&#x17B6;&#x200B; /</subfield>
    <subfield code="c">&#x179B;&#x17C4;&#x1780; &#x17A2;&#x17B6;&#x17C6; &#x179A;&#x179F;&#x17D2;&#x1798;&#x17B8; </subfield>
  </datafield>
  <datafield tag="260" ind1=" " ind2=" ">
    <subfield code="a">Phnom Penh :</subfield>
    <subfield code="b">&#x1780;&#x17D2;&#x179A;&#x179F;&#x17BD;&#x1784;&#x17A2;&#x1794;&#x17CB;&#x179A;&#x17C6; &#x1799;&#x17BB;&#x179C;&#x1787;&#x1793; &#x1793;&#x17B7;&#x1784;&#x1780;&#x17B8;&#x17A1;&#x17B6;&#x200B; ,</subfield>
    <subfield code="c">2009,</subfield>
  </datafield>
  <datafield tag="300" ind1=" " ind2=" ">
    <subfield code="a">16&#x200B;&#x200B; pages : </subfield>
    <subfield code="b">color illustrations ; </subfield>
    <subfield code="c">25 cm . </subfield>
  </datafield>
  <datafield tag="505" ind1=" " ind2=" ">
    <subfield code="a">L 
</subfield>
  </datafield>
  <datafield tag="520" ind1=" " ind2=" ">
    <subfield code="a">&#x179A;&#x17B8;&#x178E;&#x17B6;&#x1794;&#x17D2;&#x179A;&#x1789;&#x17B6;&#x1794;&#x17CB;&#x1791;&#x17C5;&#x179F;&#x17B6;&#x179B;&#x17B6;&#x1787;&#x17B6;&#x1781;&#x17D2;&#x179B;&#x17B6;&#x17C6;&#x1784; &#x17A0;&#x17BE;&#x1799;&#x1780;&#x17D2;&#x1793;&#x17BB;&#x1784;&#x1798;&#x17C9;&#x17C4;&#x1784;&#x179F;&#x17B7;&#x1780;&#x17D2;&#x179F;&#x17B6; &#x1793;&#x17B6;&#x1784;&#x1794;&#x17B6;&#x1793;&#x178A;&#x17B9;&#x1784;&#x1790;&#x17B6; &#x1793;&#x17B6;&#x1784;&#x1794;&#x17B6;&#x1793;&#x1794;&#x17B6;&#x178F;&#x17CB;&#x1798;&#x17C9;&#x17B6;&#x1780; ruler, &#x1787;&#x17D0;&#x179A;&#x1780;&#x1780;&#x17CB;, &#x1781;&#x17D2;&#x179B;&#x17B9;&#x1798;&#x178A;&#x17C3; &#x1793;&#x17B7;&#x1784;&#x1781;&#x17D2;&#x1798;&#x17C5;&#x178A;&#x17C3;&#x17D4; &#x1796;&#x17C1;&#x179B;&#x179B;&#x17C4;&#x1780;&#x1782;&#x17D2;&#x179A;&#x17BC;/&#x17A2;&#x17D2;&#x1793;&#x1780;&#x1782;&#x17D2;&#x179A;&#x17BC;&#x179F;&#x17BD;&#x179A;&#x1793;&#x17B7;&#x179F;&#x17D2;&#x179F;&#x17B7;&#x178F; &#x1782;&#x17D2;&#x179A;&#x17BF;&#x1784;&#x179F;&#x1798;&#x17D2;&#x1797;&#x17B6;&#x179A;&#x17C8;&#x1791;&#x17B6;&#x17C6;&#x1784;&#x1793;&#x17C4;&#x17C7;&#x1782;&#x17BA;&#x1793;&#x17C5;&#x1780;&#x17B6;&#x1793;&#x17CB;&#x1798;&#x17B7;&#x178F;&#x17D2;&#x178F;&#x179A;&#x17BD;&#x1798;&#x1790;&#x17D2;&#x1793;&#x17B6;&#x1780;&#x17CB;&#x1781;&#x17D2;&#x179B;&#x17C7;&#x17D7;&#x17D4; &#x17A0;&#x17C1;&#x178F;&#x17BB;&#x17A2;&#x17D2;&#x179C;&#x17B8;&#x1794;&#x17B6;&#x1793;&#x1787;&#x17B6;&#x1798;&#x17B7;&#x178F;&#x17D2;&#x178F;&#x179A;&#x1794;&#x179F;&#x17CB;&#x1793;&#x17B6;&#x1784;&#x1798;&#x17B6;&#x1793;&#x179F;&#x1798;&#x17D2;&#x1797;&#x17B6;&#x179A;&#x17C8;&#x1791;&#x17B6;&#x17C6;&#x1784;&#x1793;&#x17C4;&#x17C7;?</subfield>
  </datafield>
  <datafield tag="520" ind1=" " ind2=" ">
    <subfield code="a">Rina was so hurry to school and during class she realized that she lost her ruler, ereaser, pen and pencil. When the teacher asked the students, those supplies were with some classmates. Why did her friends have those suppliers?</subfield>
  </datafield>
  <datafield tag="521" ind1="8" ind2=" ">
    <subfield code="a">530 
</subfield>
    <subfield code="b">Lexile estimate 
</subfield>
  </datafield>
  <datafield tag="521" ind1="8" ind2=" ">
    <subfield code="a">L 
</subfield>
    <subfield code="b">Raz-Plus 
</subfield>
  </datafield>
  <datafield tag="650" ind1=" " ind2=" ">
    <subfield code="a">&#x1794;&#x17D2;&#x179A;&#x178A;&#x17B6;&#x1794;&#x17CB;&#x1794;&#x17D2;&#x179A;&#x178A;&#x17B6;&#x179A;&#x17C0;&#x1793;&#x179A;&#x1794;&#x179F;&#x17CB;&#x179A;&#x17B8;&#x178E;&#x17B6;&#x200B;</subfield>
  </datafield>
  <datafield tag="650" ind1=" " ind2=" ">
    <subfield code="a">Rina's supplies </subfield>
  </datafield>
  <datafield tag="942" ind1=" " ind2=" ">
    <subfield code="2">ddc</subfield>
    <subfield code="c">KHB</subfield>
    <subfield code="n">0</subfield>
  </datafield>
  <datafield tag="999" ind1=" " ind2=" ">
    <subfield code="c">8656</subfield>
    <subfield code="d">8656</subfield>
  </datafield>
  <datafield tag="952" ind1=" " ind2=" ">
    <subfield code="0">0</subfield>
    <subfield code="1">0</subfield>
    <subfield code="2">ddc</subfield>
    <subfield code="4">0</subfield>
    <subfield code="7">0</subfield>
    <subfield code="8">KH</subfield>
    <subfield code="a">002</subfield>
    <subfield code="b">002</subfield>
    <subfield code="c">TTP Khmer</subfield>
    <subfield code="d">2025-10-08</subfield>
    <subfield code="l">1</subfield>
    <subfield code="o">REA PZ7 895.92</subfield>
    <subfield code="p">FISBK03611</subfield>
    <subfield code="r">2026-02-05 14:47:55</subfield>
    <subfield code="s">2026-01-08</subfield>
    <subfield code="t">1</subfield>
    <subfield code="w">2025-10-08</subfield>
    <subfield code="y">KHB</subfield>
  </datafield>
  <datafield tag="952" ind1=" " ind2=" ">
    <subfield code="0">0</subfield>
    <subfield code="1">0</subfield>
    <subfield code="2">ddc</subfield>
    <subfield code="4">0</subfield>
    <subfield code="7">0</subfield>
    <subfield code="8">KH</subfield>
    <subfield code="a">002</subfield>
    <subfield code="b">002</subfield>
    <subfield code="c">TTP Khmer</subfield>
    <subfield code="d">2025-10-08</subfield>
    <subfield code="l">0</subfield>
    <subfield code="o">REA PZ7 895.92</subfield>
    <subfield code="p">FISBK03674</subfield>
    <subfield code="r">2025-10-08 15:39:00</subfield>
    <subfield code="t">2</subfield>
    <subfield code="w">2025-10-08</subfield>
    <subfield code="y">KHB</subfield>
  </datafield>
  <datafield tag="952" ind1=" " ind2=" ">
    <subfield code="0">0</subfield>
    <subfield code="1">0</subfield>
    <subfield code="2">ddc</subfield>
    <subfield code="4">0</subfield>
    <subfield code="7">0</subfield>
    <subfield code="8">KH</subfield>
    <subfield code="a">002</subfield>
    <subfield code="b">002</subfield>
    <subfield code="c">TTP Khmer</subfield>
    <subfield code="d">2025-10-08</subfield>
    <subfield code="l">0</subfield>
    <subfield code="o">REA PZ7 895.92</subfield>
    <subfield code="p">FISBK03616</subfield>
    <subfield code="r">2025-10-08 15:40:00</subfield>
    <subfield code="t">3</subfield>
    <subfield code="w">2025-10-08</subfield>
    <subfield code="y">KHB</subfield>
  </datafield>
  <datafield tag="952" ind1=" " ind2=" ">
    <subfield code="0">0</subfield>
    <subfield code="1">0</subfield>
    <subfield code="2">ddc</subfield>
    <subfield code="4">0</subfield>
    <subfield code="7">0</subfield>
    <subfield code="8">KH</subfield>
    <subfield code="a">002</subfield>
    <subfield code="b">002</subfield>
    <subfield code="c">TTP Khmer</subfield>
    <subfield code="d">2025-10-08</subfield>
    <subfield code="l">0</subfield>
    <subfield code="o">REA PZ7 895.92</subfield>
    <subfield code="p">FISBK03610</subfield>
    <subfield code="r">2025-10-08 15:40:00</subfield>
    <subfield code="t">4</subfield>
    <subfield code="w">2025-10-08</subfield>
    <subfield code="y">KHB</subfield>
  </datafield>
  <datafield tag="952" ind1=" " ind2=" ">
    <subfield code="0">0</subfield>
    <subfield code="1">0</subfield>
    <subfield code="2">ddc</subfield>
    <subfield code="4">0</subfield>
    <subfield code="7">0</subfield>
    <subfield code="8">KH</subfield>
    <subfield code="a">002</subfield>
    <subfield code="b">002</subfield>
    <subfield code="c">TTP Khmer</subfield>
    <subfield code="d">2025-11-27</subfield>
    <subfield code="l">0</subfield>
    <subfield code="o">REA PZ7 895.92</subfield>
    <subfield code="p">2025-4946</subfield>
    <subfield code="r">2025-11-27 12:16:00</subfield>
    <subfield code="t">5</subfield>
    <subfield code="w">2025-11-27</subfield>
    <subfield code="y">KHB</subfield>
  </datafield>
  <datafield tag="952" ind1=" " ind2=" ">
    <subfield code="0">0</subfield>
    <subfield code="1">0</subfield>
    <subfield code="2">ddc</subfield>
    <subfield code="4">0</subfield>
    <subfield code="7">0</subfield>
    <subfield code="8">KH</subfield>
    <subfield code="a">002</subfield>
    <subfield code="b">002</subfield>
    <subfield code="c">TTP Khmer</subfield>
    <subfield code="d">2025-11-27</subfield>
    <subfield code="l">0</subfield>
    <subfield code="o">REA PZ7 895.92</subfield>
    <subfield code="p">2025-4965</subfield>
    <subfield code="r">2025-11-27 13:50:00</subfield>
    <subfield code="t">6</subfield>
    <subfield code="w">2025-11-27</subfield>
    <subfield code="y">KHB</subfield>
  </datafield>
  <datafield tag="952" ind1=" " ind2=" ">
    <subfield code="0">0</subfield>
    <subfield code="1">0</subfield>
    <subfield code="2">ddc</subfield>
    <subfield code="4">0</subfield>
    <subfield code="7">0</subfield>
    <subfield code="8">KH</subfield>
    <subfield code="a">002</subfield>
    <subfield code="b">002</subfield>
    <subfield code="c">TTP Khmer</subfield>
    <subfield code="d">2025-11-28</subfield>
    <subfield code="l">0</subfield>
    <subfield code="o">REA PZ7 895.92</subfield>
    <subfield code="p">2025-4974</subfield>
    <subfield code="r">2025-11-28 08:39:00</subfield>
    <subfield code="t">7</subfield>
    <subfield code="w">2025-11-28</subfield>
    <subfield code="y">KHB</subfield>
  </datafield>
  <datafield tag="952" ind1=" " ind2=" ">
    <subfield code="0">0</subfield>
    <subfield code="1">0</subfield>
    <subfield code="2">ddc</subfield>
    <subfield code="4">0</subfield>
    <subfield code="7">0</subfield>
    <subfield code="8">KH</subfield>
    <subfield code="a">002</subfield>
    <subfield code="b">002</subfield>
    <subfield code="c">TTP Khmer</subfield>
    <subfield code="d">2025-12-08</subfield>
    <subfield code="l">1</subfield>
    <subfield code="o">REA PZ7 895.92</subfield>
    <subfield code="p">2025-5083</subfield>
    <subfield code="r">2026-03-11 16:12:36</subfield>
    <subfield code="s">2026-03-11</subfield>
    <subfield code="t">8</subfield>
    <subfield code="w">2025-12-08</subfield>
    <subfield code="y">KHB</subfield>
  </datafield>
  <datafield tag="952" ind1=" " ind2=" ">
    <subfield code="0">0</subfield>
    <subfield code="1">0</subfield>
    <subfield code="2">ddc</subfield>
    <subfield code="4">0</subfield>
    <subfield code="7">0</subfield>
    <subfield code="8">KH</subfield>
    <subfield code="a">002</subfield>
    <subfield code="b">002</subfield>
    <subfield code="c">TTP Khmer</subfield>
    <subfield code="d">2026-03-23</subfield>
    <subfield code="l">0</subfield>
    <subfield code="o">REA PZ7 895.92</subfield>
    <subfield code="p">FISBK03615</subfield>
    <subfield code="r">2026-03-23 10:47:44</subfield>
    <subfield code="t">9</subfield>
    <subfield code="w">2026-03-23</subfield>
    <subfield code="y">KHB</subfield>
  </datafield>
  <datafield tag="952" ind1=" " ind2=" ">
    <subfield code="0">0</subfield>
    <subfield code="1">0</subfield>
    <subfield code="2">ddc</subfield>
    <subfield code="4">0</subfield>
    <subfield code="7">0</subfield>
    <subfield code="8">KH</subfield>
    <subfield code="a">002</subfield>
    <subfield code="b">002</subfield>
    <subfield code="c">TTP Khmer</subfield>
    <subfield code="d">2026-03-27</subfield>
    <subfield code="l">0</subfield>
    <subfield code="o">REA PZ7 895.92</subfield>
    <subfield code="p">2026-0393</subfield>
    <subfield code="r">2026-03-27 10:54:12</subfield>
    <subfield code="t">10</subfield>
    <subfield code="w">2026-03-27</subfield>
    <subfield code="y">KHB</subfield>
  </datafield>
  <datafield tag="952" ind1=" " ind2=" ">
    <subfield code="0">0</subfield>
    <subfield code="1">0</subfield>
    <subfield code="2">ddc</subfield>
    <subfield code="4">0</subfield>
    <subfield code="7">0</subfield>
    <subfield code="8">KH</subfield>
    <subfield code="a">002</subfield>
    <subfield code="b">002</subfield>
    <subfield code="c">TTP Khmer</subfield>
    <subfield code="d">2026-04-22</subfield>
    <subfield code="l">0</subfield>
    <subfield code="o">REA PZ7 895.92</subfield>
    <subfield code="p">2026-0521</subfield>
    <subfield code="r">2026-04-22 11:23:12</subfield>
    <subfield code="t">11</subfield>
    <subfield code="w">2026-04-22</subfield>
    <subfield code="y">KHB</subfield>
  </datafield>
  <datafield tag="952" ind1=" " ind2=" ">
    <subfield code="0">0</subfield>
    <subfield code="1">0</subfield>
    <subfield code="2">ddc</subfield>
    <subfield code="4">0</subfield>
    <subfield code="7">0</subfield>
    <subfield code="8">KH</subfield>
    <subfield code="a">002</subfield>
    <subfield code="b">002</subfield>
    <subfield code="c">TTP Khmer</subfield>
    <subfield code="d">2026-04-22</subfield>
    <subfield code="l">0</subfield>
    <subfield code="o">REA PZ7 895.92</subfield>
    <subfield code="p">2026-0522</subfield>
    <subfield code="r">2026-04-22 11:23:40</subfield>
    <subfield code="t">12</subfield>
    <subfield code="w">2026-04-22</subfield>
    <subfield code="y">KHB</subfield>
  </datafield>
</record>
